000 00804 a2200241 4500
005 20251217114344.0
008 251217b |||||||| |||| 00| 0 eng d
020 _a9781032982434 (hbk)
037 _cTB
040 _aAL
_cAL
041 _2eng
_aeng
084 _aV277:17.N R5
_qAL
100 _aBaruah, Manjeet
_9846800
245 _aHunter, peasant, rebel: Colonialism and the British Assam frontier
260 _aLondon, UK:
_bRoutledge Taylor & Francis group,
_c2025.
300 _aviii;219p.
365 _b1295.00
_cINR
650 _aAssam-History
_9857254
650 _aHistory
_9857255
650 _aColonialism
_9857256
942 _cTB
_2CC
_n0
_hV277:17.N R5
999 _c1464163
_d1464163